00531nam a2200181 a 4500008004100000020001500041050001500056100001900071245007800090260004700168300002500215350000900240650001700249650002300266650002700289650001300316700002000329110907s2005 ||||||||||||||||| || u a0721638643 aRM 101 Con aBope, Edward T10aConn's current therapy 2005cedited by Robert E. Rakel and Edward T. Bope aPhiladelphia, PA:bElsevier/Saundersc2005 axxxvii, 1486p.: ill. a0.00 aTHERAPEUTICS aMEDICINE--PRACTICE aTHERAPEUTICS, SURGICAL aMEDICINE aRakel, Robert E